Conditioning and physical fitness: Current answers to relevant questions (Record no. 208263)

MARC details
000 -LEADER
fixed length control field 00371nam a2200133Ia 4500
008 - FIXED-LENGTH DATA ELEMENTS--GENERAL INFORMATION
fixed length control field 230917s9999||||xx |||||||||||||| ||und||
040 ## - CATALOGING SOURCE
-- 66949
Original cataloging agency VIVEKANANDA LIBRARY
041 ## - Language
-- English
082 ## - DDC NUMBER
Classification number 796.076137 A58C
245 #0 - TITLE STATEMENT
Title Conditioning and physical fitness: Current answers to relevant questions
260 ## - PUBLICATION, DISTRIBUTION, ETC. (IMPRINT)
Place of publication, distribution, etc Iowa
Name of publisher, distributor, etc W M C Brown
Date of publication, distribution, etc 1978
300 ## - PHYSICAL DESCRIPTION
Pages xiii, 286 p.
942 ## - ADDED ENTRY ELEMENTS (KOHA)
Koha item type Books
Holdings
Withdrawn status Lost status Damaged status Not for loan Location (home branch) Sublocation or collection (holding branch) Date acquired Koha issues (times borrowed) Koha full call number Accession No. Koha date last seen Koha item type
        VIVEKANANDA LIBRARY VIVEKANANDA LIBRARY 20/01/2003 1 796.076137 A58C 70213 08/11/2023 Books
© Designed and Maintained by Vivekananda Library, MDU Rohtak